Atlas cromatológico CMY-CMYK (Record no. 4695)
[ view plain ]
| 000 -CABECERA | |
|---|---|
| Campo de control de longitud fija | 00320nam a2200121 a 4500 |
| 001 - NÚMERO DE CONTROL | |
| Campo de control | 2781 |
| 010 ## - NÚMERO DE CONTROL DE LA BIBLIOTECA DEL CONGRESO | |
| Número de control de LC | 000002781 |
| 020 00 - NÚMERO INTERNACIONAL NORMALIZADO PARA LIBROS (ISBN) | |
| Número Internacional Normalizado para Libros (ISBN) | 84-89840-38-5 |
| 035 ## - NÚMERO DE CONTROL DEL SISTEMA | |
| Número de control del sistema | 2886 |
| 100 10 - PUNTO DE ACCESO PRINCIPAL - NOMBRE DE PERSONA | |
| Nombre de persona | Gallego, Rosa ; Sanz, Juan Carlos |
| 9 (RLIN) | 458 |
| 245 10 - MENCIÓN DE TÍTULO | |
| Título | Atlas cromatológico CMY-CMYK |
| 260 00 - PUBLICATION, DISTRIBUTION, ETC. (IMPRINT) | |
| Lugar de publicación distribución etc. | Madrid : |
| Nombre del editor distribuidor etc. | Blume, |
| Fecha de publicación distribución etc. | 2003 |
| 300 00 - DESCRIPCIÓN FÍSICA | |
| Extensión | 183 pags.; rústica |
| Otras características físicas | il. col.; castellano |
| Dimensiones | 24 cm |
| Suprimido | Estado de pérdida | Fuente de clasificación o esquema de ordenación en estanterías | Estropeado | No para préstamo | Código de colección | Localización permanente | Localización actual | Localización en estanterías | Fecha de adquisición | Signatura completa | Código de barras | Fecha última consulta | Fecha del precio de reemplazo | Tipo de item de Koha |
|---|---|---|---|---|---|---|---|---|---|---|---|---|---|---|
| Universal Decimal Classification | Teoria dels colors | IED Barcelona | IED Barcelona | Sala General / Disseny | 17/11/2011 | D.017.4 Gal | 2892000 | 01/02/2018 | 01/02/2018 | Llibre_M | ||||
| Universal Decimal Classification | Teoria dels colors | IED Barcelona | IED Barcelona | Sala General / Disseny | 10/07/2012 | D.017.4 Gal | 610000 | 01/02/2018 | 01/02/2018 | Llibre_M |
